000
00501nam a2200145Ia 4500
008
151213s9999 xx 000 0 und d
100
_a
সৈয়দ আলী আহসান।
245
_a
সহিসা সচকিত।
_c
সৈয়দ আলী আহসান।
260
_a
চট্টগ্রাম।
_b
বইঘর।
_c
evsjv 1373
300
_a
8741 p.
650
_a
Bangla
650
_a
কবিতা
700
_a
সৈয়দ আলী আহসান।
999
_c
4526
_d
4526